All 100k Cities in Texas on a Map - Statistics

General Stats
  • This quiz has been taken 2,724 times
    2,455 since last reset
  • The average score is 28 of 42
Answers on the Map
Answers color-coded by a green-red scale on the quiz's map according to % correct below.
 
Answer Stats
Population City % Correct
1,343,573 Dallas
98%
2,320,268 Houston
98%
978,908 Austin
97%
681,728 El Paso
97%
1,547,253 San Antonio
97%
909,585 Fort Worth
95%
326,586 Corpus Christi
90%
199,371 Amarillo
88%
258,862 Lubbock
87%
398,854 Arlington
82%
182,781 Brownsville
81%
262,491 Laredo
81%
139,236 Waco
81%
143,268 McAllen
76%
123,334 Odessa
75%
287,677 Plano
75%
146,038 Midland
74%
123,420 Abilene
66%
104,683 Wichita Falls
66%
117,911 College Station
65%
239,798 Irving
65%
116,825 Beaumont
62%
141,541 Denton
60%
200,490 Frisco
60%
239,928 Garland
60%
106,985 Tyler
59%
151,666 Killeen
58%
133,372 Round Rock
57%
199,177 McKinney
56%
151,227 Pasadena
54%
118,488 Sugar Land
54%
194,543 Grand Prairie
51%
140,937 Mesquite
48%
122,460 Pearland
48%
105,623 Allen
46%
101,004 San Angelo
45%
139,248 Carrollton
41%
112,000 The Woodlands
39%
101,170 Edinburg
38%
107,536 League City
37%
121,323 Richardson
36%
109,212 Lewisville
34%
No matching quizzes found
Score Distribution
Percent of People with Each Score
Percentile by Number Answered
Your Score History
You have not taken this quiz since the last reset